Countries Where the Capital is Not the Largest City - Statistics

General Stats
  • This quiz has been taken 376 times
  • The average score is 17 of 26
Answer Stats
Capital Largest City Country % Correct
Washington D.C. New York United States
94%
Canberra Sydney Australia
90%
Ottawa Toronto Canada
90%
Brasília São Paulo Brazil
87%
Beijing Shanghai (city proper) | Guangzhou (urban area) China
87%
Pretoria / Cape Town / Bloemfontein Johannesburg South Africa
83%
Ankara Istanbul Turkey
83%
Wellington Auckland New Zealand
79%
Abuja Lagos Nigeria
76%
Hanoi Ho Chi Minh City Vietnam
74%
Islamabad Karachi Pakistan
72%
Rabat Casablanca Morocco
70%
Abu Dhabi Dubai United Arab Emirates
70%
Bern Zürich Switzerland
68%
Napyidaw Yangon Myanmar
67%
Dodoma Dar es Salaam Tanzania
67%
Astana Almaty Kazakhstan
64%
La Paz / Sucre Santa Cruz Bolivia
61%
Belmopan Belize City Belize
52%
Yamoussoukro Abidjan Ivory Coast
52%
Sri Jayawardenepura Kotte Colombo Sri Lanka
52%
Ngerulmud Koror Palau
43%
Vaduz Schaan Liechtenstein
40%
Port-of-Spain Chaguanas Trinidad and Tobago
37%
Malabo Bata Equatorial Guinea
33%
Palikir Weno F.S. Micronesia
33%
No matching quizzes found
Score Distribution
Percent of People with Each Score
Percentile by Number Answered
Your Score History
You have not taken this quiz